Demanda privada de deuda pública, y otros activos financieros /

שמור ב:
מידע ביבליוגרפי
מחבר ראשי: Hoffmaister, Alexander W.
מחברים אחרים: Kikut Valverde, Ana Cecilia Villalobos Moreno, Lorely Odio Chinchilla, Jaime
פורמט: Texto
נושאים:
תגים: הוספת תג
אין תגיות, היה/י הראשונ/ה לתייג את הרשומה!

MARC

LEADER 00000 a a2200000 04500
001 3002
003
040
100 |a Hoffmaister, Alexander W.  
245 |a Demanda privada de deuda pública, y otros activos financieros /  |c Alexander W. Hoffmaister 
650 |a DEUDA PUBLICA  
650 |a COSTA RICA  
700 |a Kikut Valverde, Ana Cecilia   |a Villalobos Moreno, Lorely   |a Odio Chinchilla, Jaime  
773 |g volumen 19, número 1 -2; páginas 109-118  
999 |c 28794  |d 28794